Federal Court

Detalles Bibliográficos
Formato: Desconocido
Lenguaje:inglés
Publicado: Canada : [s.n]
Materias:
Acceso en línea:Acceso restringido

MARC

LEADER 00000ny a22000003n 4500
005 20110510133810.0
008 071017c cn mr pss 0 a0eng d
035 |a 2268 
040 |a BUS  |d vLex 
090 |c 1550  |d 1550 
245 3 0 |a Federal Court  |h [Recurso electrn̤ico] 
256 |a Servicio en ln̕ea 
260 |a Canada :  |b [s.n] 
310 |a Irregular 
650 0 4 |a Tribunales  |z Canad ̀  |x Publicaciones perid̤icas 
740 0 |a vLex Revista (Servicios en ln̕ea) 
775 0 |t Cour Fďřale  |b fre 
843 |a Electrn̤ica. Abierta 
853 |8 1  |i (year)  |j (month)  |k (day) 
856 4 0 |z Acceso restringido  |u http://vlex.com/account/login_ip?fuente_id=2268  
942 |c REV